00958cam a2200253 a 450000100100000000500170001000800410002704000250006804100130009308200220010610000380012824501090016625000110027526000340028630000350032049000360035553400440039165000280043570000250046370000340048883000420052295201250056499900150068900000238520200929150206.0830830s1964 sp a b 000 0 spa  aDO-SdBNPbspacBNPHU17aspahfre ann.bG274f, 1964.1 aGaussen, Henri,d1891-1981.9757410aFlora y fauna de la montaña /cHenri Gaussen y Paul Barruel ; traducción, Enrique Balcells Rocamora. a2a ed. aBarcelona :bJuventud,c1964. a223 p. :bil., maps. ;c30 cm.1 aGrandes libros de la naturaleza aMontagnes: la vie aux hautes altitudes. 0aMountain ecology.975751 aBarruel, Paul.975761 aBalcells, Enrique,etr.97577 0aGrandes libros de la naturaleza97578 001052708MOaGRbGRcCTd2009-09-22iLF1l0onn. G274f, 1964.p2385-10r2020-06-25w2020-06-25y2ZPréstamo interno c2225d2225